In business : student's book

Αποθηκεύτηκε σε:
Λεπτομέρειες βιβλιογραφικής εγγραφής
Κύριος συγγραφέας: White, Graham
Άλλοι συγγραφείς: Khidhayir, Margaret
Μορφή: Βιβλίο
Γλώσσα:English
Δημοσίευση: London : Harrap, 1983
Θέματα:
Ετικέτες: Προσθήκη ετικέτας
Δεν υπάρχουν, Καταχωρήστε ετικέτα πρώτοι!

MARC

LEADER 00000nam a2200000 i 4500
001 1/27991
008 960402s1983 eng d
020 |a 0245538038 
035 |l 10022959 
040 |a GR-MY-UA  |b gre  |e aacr 
041 0 |a eng 
082 0 |a 428.64 
100 1 |a White, Graham. 
245 1 0 |a In business :  |b student's book /  |c Graham White, Margaret Khidhayir 
260 |a London :   |b Harrap,   |c 1983 
300 |a 200 p.  |e 3 cassettes 
650 0 0 |a English language  |x Readers. 
650 0 0 |a English language  |x Business English. 
650 0 0 |a English language  |v Textbooks for foreign speakers. 
700 1 |a Khidhayir, Margaret. 
852 |a INST  |b CHIOS  |e 19960712  |h 428.64 WHI  |p 005200002002  |q 005200002002  |t BK  |y 0 
852 |a INST  |b CHIOS  |e 19960402  |h 428.64 WHI  |p 005200005094  |q 005200005094  |t BK  |y 0 
852 |a INST  |b CHIOS  |e 19981110  |h 428.64 WHI mc  |p 005200023014  |q 005200023014  |t BK  |y 0 
852 |a INST  |b CHIOS  |e 19981110  |h 428.64 WHI mc  |p 005200023015  |q 005200023015  |t BK  |y 0 
852 |a INST  |b CHIOS  |e 19981110  |h 428.64 WHI mc  |p 005200023016  |q 005200023016  |t BK  |y 0 
909 |a Χ  |b 001458 
909 |a Χ  |b 017133 
909 |a Χ  |b 017135 
909 |a Χ  |b 017136 
909 |a Χ  |b 017137